| 000 | 00657nam a2200205 a 4500 | ||
|---|---|---|---|
| 005 | 20240411063703.0 | ||
| 008 | 011017s1995 mx r 000 0 spa d | ||
| 020 | _a0792395271 | ||
| 035 | _aUPN01000113197 | ||
| 049 | _aCG | ||
| 050 | 4 |
_aLB1028.5 _bC6.6 |
|
| 245 | 0 | 0 |
_aCooperative computer-aided authoring and learning : _ba systems approach / _cedit. by Max Mühlhäuser. |
| 260 |
_aBoston, Mass. : _bKluwer, _cc1995. |
||
| 300 |
_aix, 351 p. : _bil. |
||
| 650 | 4 |
_aComputadoras en la educación _94976 |
|
| 650 | 2 |
_aSistemas multimedia _918211 |
|
| 650 | 4 |
_aINSTRUCCION MEDIANTE COMPUTADOR _94980 |
|
| 700 | 1 |
_aMühlhäuser, Max, _eed. |
|
| 905 | _aLibro | ||
| 999 |
_c87105 _d87105 |
||